| 000 | 00399nam a2200145Ia 4500 | ||
|---|---|---|---|
| 008 | 150201s2001 xx 000 0 und d | ||
| 082 |
_a576 _bM2003A |
||
| 100 | _aARORA,D.R. | ||
| 245 | _aTEXT BOOK OF MICROBIOLOGY FOR DENTAL STUDENTS | ||
| 250 | _a1ST | ||
| 260 |
_bC.B.S PUBLISHERS & DISTRIBUTERS _aDARYAGANJ ( NEW DELHI) _c2001 |
||
| 300 | _a1-365 | ||
| 650 | _aMICROBIOLOGY | ||
| 942 |
_2ddc _cBK _01 |
||
| 999 |
_c2632 _d2632 |
||